| 000 | 00578cam a22001814a 4500 | ||
|---|---|---|---|
| 005 | 20250605164406.0 | ||
| 008 | 250528s ||||||||||||||||||||||||d | ||
| 035 | _a24842 | ||
| 040 |
_aGR-AtMCL _bgre _dGR-AtMCL _eAACR2 |
||
| 245 | 1 | _aΠόσο Μοντέρνος Επιχειρηματίας Είστε / Ανταγωνιστικότητα σε Περίοδο Κρίσης | |
| 260 | _c2022 | ||
| 300 | _a38 | ||
| 700 | 1 |
_aΘεόδωρος Κοκκόρης _91799 |
|
| 700 | 1 |
_aΚόκκορης Θεόδωρος Δ _91800 |
|
| 942 | _cBK | ||
| 999 |
_c9681 _d9681 |
||